LEADER 00747nam0-22002651i-450- 001 990003635720403321 005 20001010 035 $a000363572 035 $aFED01000363572 035 $a(Aleph)000363572FED01 035 $a000363572 100 $a20000920d1901----km-y0itay50------ba 101 0 $aita 105 $ay-------001yy 200 1 $aBilancio di previsione dell'entrata per l'esercizio. 1902$fComune di Napoli 210 $aNapoli$cs.e.$d1901 710 02$aNapoli$0374308 801 0$aIT$bUNINA$gRICA$2UNIMARC 901 $aBK 912 $a990003635720403321 952 $aSE 048.08.014-$bS.I.$fDECSE 959 $aDECSE 996 $aBilancio di previsione dell'entrata per l'esercizio. 1902$9503049 997 $aUNINA DB $aING01